000 00388nam a2200121Ia 4500
008 230822s1999 xx 000 0 und d
020 _a1-84000-088-0
041 _aeng
100 _aNIESEWAND N.
245 _aLIGHTING, INSPIRATIONAL SOURCEBOOK FOR ANYONE WISHING TO EXPLORE THE LIMITLESS POTENTIAL OF LIGHTING INTERIORS.
260 _bOCTOPUS PUB GROUP LTD LONDON
_c1999
300 _a175
999 _c856131
_d856131